000 00480nam a2200181Ia 4500
001 24341
005 20260414151036.0
008 260414t2017||||xx |||||||||||||| ||spa||
041 _aESP
082 _a345.4
_bH46
100 _aHerrera guerrero, Mercedes
_eAUT
245 0 _aLos recursos en el proceso penal :
_bun análisis doctrinal y jurisprudencial
260 _c2017
300 _a367 páginas :
_c25 cm.
650 _aDER
654 _aCDE
942 _cLIB
_dJUS
_fJUS
_2ddc
_n
999 _c24341
_d24341